| 000 | 00667cam a22002293a 4500 | ||
|---|---|---|---|
| 001 | 22190 | ||
| 003 | PGUSA | ||
| 005 | 20140828083455.0 | ||
| 008 | 070801s2007||||xxu|||||s|||||000 | eng d | ||
| 040 |
_aPGUSA _beng |
||
| 042 | _adc | ||
| 050 | 4 | _aHE | |
| 100 | 1 |
_aPoole, Bertram W. H. _q(Bertram William Henry), _d1880-1957 |
|
| 245 | 1 | 4 |
_aThe Stamps of Canada _h[electronic resource] / _cBertram W. H. Poole |
| 260 |
_bProject Gutenberg, _c2007 |
||
| 506 | _aPublic domain in the USA. | ||
| 516 | _aElectronic text | ||
| 653 | _aPostage stamps -- Canada | ||
| 830 | 0 |
_aProject Gutenberg _v22190 |
|
| 856 | 4 | 0 | _uhttp://www.gutenberg.org/ebooks/22190 |
| 942 | _cEB | ||
| 999 |
_c251445 _d251445 |
||